| 000 | 00942nam a2200241 a 4500 | ||
|---|---|---|---|
| 999 |
_c2242 _d2242 |
||
| 001 | 2242 | ||
| 003 | BD-JhCC | ||
| 005 | 20171101173440.0 | ||
| 008 | 171031s2009 bg |||| ||a| 000 0 ben d | ||
| 020 | _a98407472282 | ||
| 035 | _a(BD-JhCC)2242 | ||
| 040 |
_aBD-JhCC _dBD-JhCC |
||
| 041 | _aben | ||
| 082 |
_a891.4409 _bAKU 2006 |
||
| 245 |
_aএকুশের প্রবন্ধ ২০০৬ / _cসৈয়দ মোহাম্মদ শাহেদ; মোহাম্মদ আবদুল হাই; মোহাম্মদ মিজানুর রহমান (সম্পা.) |
||
| 260 |
_aঢাকা : _bবাংলা একাডেমী, _c2006. |
||
| 300 |
_a216 p. : _c21 cm. |
||
| 650 |
_aCollection of Essays _xBengali Literature |
||
| 700 | _aশাহেদ, সৈয়দ মোহাম্মদ | ||
| 700 | _aহাই, মোহাম্মদ আবদুল | ||
| 942 |
_2ddc _cBK |
||